LEADER 00907cam2 2200241 450 001 E600200065523 005 20241016074804.0 100 $a20100712d2008 |||||ita|0103 ba 101 $aita 102 $aIT 200 1 $a<<1, 2:I>> delitti contro la personalità dello Stato. Materiali. Bibliografia. Fonti. Giurisprudenza 210 $aTorino$cUTET Giuridica$d2008 215 $aXXII, 390 p.$d25 cm 461 1$1001E600200065521$12000 $aParte speciale 801 0$aIT$bUNISOB$c20241016$gRICA 850 $aUNISOB 852 $aUNISOB$j340|Coll|82|K$m151857 912 $aE600200065523 940 $aM 102 Monografia moderna SBN 941 $aM 957 $a340|Coll|82|K$b000004$i-2$gSi$d151857$racquisto$1catenacci$2UNISOB$3UNISOB$420100712074604.0$520241016074804.0$6Alfano 996 $aDelitti contro la personalità dello Stato. Materiali. Bibliografia. Fonti. Giurisprudenza$91701970 997 $aUNISOB